|
|
|
|
| LEADER |
00000nam a2200000Ia 4500 |
| 008 |
180904b2001 cr ||||| |||| 00| | spa d |
| 999 |
|
|
|c 2050
|d 2050
|
| 090 |
|
|
|a 12.06.01
|b 1601
|
| 100 |
|
|
|9 3724
|a Salazar, Leonardo
|
| 245 |
1 |
3 |
|a La dimensión de participación en la construcción de la sostenibilidad institucional / Leonardo Salazar; José de Souza Silva; Juan Cheaz Peláez; Stalin Torres
|
| 260 |
|
|
|a San José, Costa Rica:
|b ISNAR,
|c 2001
|
| 300 |
|
|
|a 160 páginas
|
| 650 |
1 |
4 |
|a INNOVACIONES
|9 649
|
| 650 |
1 |
4 |
|a ORGANIZACIÓN
|9 4169
|
| 650 |
1 |
4 |
|a PARTICIPACIÓN SOCIAL
|9 822
|
| 650 |
1 |
4 |
|a GLOBALIZACIÓN
|9 266
|
| 700 |
|
|
|a Souza Silva, José de
|9 2811
|
| 700 |
1 |
|
|a Cheaz Peláez, Juan
|9 3720
|
| 700 |
1 |
|
|a Torres, Stalin
|9 4174
|
| 942 |
|
|
|i 003325
|h 12.06.01 1601
|2 z
|c 04
|